| 000 | 00705nam a22002297a 4500 | ||
|---|---|---|---|
| 005 | 20170124110023.0 | ||
| 010 | _aA-541134 | ||
| 020 |
_c00.00 _a8170244757 |
||
| 035 | _aA-541134 | ||
| 037 | _bCen Lib/Ret | ||
| 040 |
_aDPL _bEN |
||
| 082 |
_a551.482 _bCHA |
||
| 100 |
_aChatrath, K. J. S. _916890 |
||
| 245 |
_aWetland of India / _cby K. J. S. Chatrath |
||
| 260 |
_aNew Delhi _bAshish Publishing House _c1950 |
||
| 270 |
_bNew Delhi _a8/81, Punjabi Bagh _e110026 |
||
| 300 |
_axiv,200p.: _c22cm(Hb) _bill. |
||
| 500 | _aIncludes bibliographical references | ||
| 650 |
_aWetlands -- India _920132 |
||
| 650 |
_aWetland ecology -- India _920133 |
||
| 942 |
_2ddc _cEN _h551.482 _mCHA |
||
| 999 |
_c127319 _d127319 |
||